El viatge s'acaba / (Record no. 181682)

MARC details
000 -LEADER
campo de control de longitud fija 00871nam a2200217 i 4500
001 - NÚMERO DE CONTROL
campo de control 181682
003 - IDENTIFICADOR DE NÚMERO DE CONTROL
campo de control ES-MaACL
005 - FECHA Y HORA DE LA ÚLTIMA TRANSACCIÓN
campo de control 20250822063233.0
008 - DATOS DE LONGITUD FIJA--INFORMACIÓN GENERAL
campo de control de longitud fija 130312s1981 sp | |||| ||cat d
020 ## - NÚMERO INTERNACIONAL ESTÁNDAR DEL LIBRO
Número Internacional Estándar del Libro 84-233-1164-3
080 ## - NÚMERO DE LA CLASIFICACIÓN DECIMAL UNIVERSAL
Número de la Clasificación Decimal Universal 849.9-82"19"
100 1# - ENTRADA PRINCIPAL--NOMBRE DE PERSONA
Nombre de persona Pla, Josep,
Fechas asociadas al nombre 1897-1981
9 (RLIN) 164614
245 13 - MENCIÓN DEL TÍTULO
Título El viatge s'acaba /
Mención de responsabilidad, etc. Josep Pla.
260 ## - PUBLICACIÓN, DISTRIBUCIÓN, ETC.
Lugar de publicación, distribución, etc. Barcelona :
Nombre del editor, distribuidor, etc. Destino,
Fecha de publicación, distribución, etc. 1981.
300 ## - DESCRIPCIÓN FÍSICA
Extensión 746 p. ;
Dimensiones 18 cm.
490 1# - MENCIÓN DE SERIE
Mención de serie Obra completa de Josep Pla ;
Designación de volumen o secuencia 39
505 8# - NOTA DE CONTENIDO CON FORMATO
Nota de contenido con formato Contiene: El meu primer viatge a América, Cuba 1954 ; Veneçuela, pais de contrastos, 1966 ; Petit assaig sobre Alemanya i les noves fronteres europees de l'est, 1968 ; Un creuer al nord d'Europa, juny de 1969 ; Notes per un diari, gener 1967-octubre 1968
830 0# - PUNTO DE ACCESO ADICIONAL DE SERIE-TÍTULO UNIFORME
Título uniforme Obra completa de Josep Pla ;
Designación de volumen o secuencia 39
9 (RLIN) 191524
852 ## - LOCALIZACIÓN
Ubicación ES-MaACL
Número de control de estantería J-46(39)
Holdings
Estatus retirado Estado de pérdida Estado de daño No para préstamo Biblioteca de origen Biblioteca actual Ubicación en estantería Fecha de adquisición Fuente de adquisición Total de préstamos Signatura topográfica completa Código de barras Visto por última vez Precio de reemplazo Tipo de ítem Koha
        Biblioteca del Ateneo de Madrid Biblioteca del Ateneo de Madrid Depósito 2 12/03/2013     J-46(39) 1190931 23/02/2023 23/02/2023 Libro impreso